Potential and Need of Tourism Cluster Organizations in Slovakia

Jednou z dôležitých otázok v kontexte klastrových organizácií cestovného ruchu je ich úloha ako nástroja a potenciálu pre rozvoj ekonomiky regiónu a ako zdroja jeho výhod, ale aj niektorých potenciálne negatívnych efektov. Hlavným cieľom tohto článku je zhodnotiť potenciál existujúcich klastrov a kl...

Ausführliche Beschreibung

Gespeichert in:
Bibliographische Detailangaben
1. Verfasser: Gáll, Jozef, 1991-
Format: Buchkapitel
Sprache:Englisch
Schlagworte:
Tags: Tag hinzufügen
Keine Tags, Fügen Sie das erste Tag hinzu!

MARC

LEADER 00000naa$a2200000$$$4500
001 0295697
005 20240502083951.1
041 0 |a eng 
044 |a RS 
245 1 0 |a Potential and Need of Tourism Cluster Organizations in Slovakia  |c Jozef Gáll 
520 |a Jednou z dôležitých otázok v kontexte klastrových organizácií cestovného ruchu je ich úloha ako nástroja a potenciálu pre rozvoj ekonomiky regiónu a ako zdroja jeho výhod, ale aj niektorých potenciálne negatívnych efektov. Hlavným cieľom tohto článku je zhodnotiť potenciál existujúcich klastrov a klastrových organizácií a identifikovať skutočný charakter, smer a vplyv organizácie klastrov v turistických regiónoch a ich skutočný dopad na členské spoločnosti (inštitúcie). 
610 2 0 |a ruch cestovný 
610 2 0 |a klaster 
610 2 0 |a organizácie 
610 2 0 |a manažment destinačný 
610 2 0 |a rozvoj regionálny 
610 2 0 |a regióny 
610 2 0 |a Slovensko 
100 1 |a Gáll, Jozef, 1991-